El derecho en la vida económica /

Bibliographic Details
Main Author: Puglia, Ferdinando (Author)
Other Authors: Agurto Gonzáles, Carlos Antonio (Editor), Quequejana Mamani, Sonia Lidia (Editor), Choque Cuenca, Benigno (Editor), Guerra, A. (Translator)
Format: Electronic eBook
Language:Spanish
Italian
Published: Santiago, Chile : Ediciones Olejnik, [2023]
Series:Biblioteca de filosofía del derecho.
Subjects:
Online Access:Digitalia Hispánica

MARC

LEADER 00000nam a2200000Ii 4500
001 DIGOLEJNK1317
003 NyNyDIG
006 m o d
007 cr |||||||||||
008 251203s2023 cl o 000 0 spa d
035 |a (OCoLC)1434136927 
040 |a DGITA  |b eng  |e rda  |e pn  |c DGITA 
020 |z 9789564074450 
041 1 |a spa  |h ita 
050 1 4 |a K487.E3 ebook 
100 1 |a Puglia, Ferdinando,  |e author. 
240 1 0 |a Diritto nella vita economica.  |l Spanish  |s (Guerra) 
245 1 3 |a El derecho en la vida económica /  |c Ferdinando Puglia ; edición al cuidado de Carlos Antonio Agurto Gonzáles, Sonia Lidia Quequejana Mamani, Benigno Choque Cuenca ; traducción de A. Guerra. 
264 1 |a Santiago, Chile :  |b Ediciones Olejnik,  |c [2023] 
300 |a 1 online resource. 
336 |a text  |b txt  |2 rdacontent 
337 |a computer  |b c  |2 rdamedia 
338 |a online resource  |b cr  |2 rdacarrier 
347 |a text file  |2 rdaft 
347 |b PDF 
490 1 |a Biblioteca de filosofía del derecho 
588 0 |a Online resource; title from PDF title page (Digitalia, viewed December 3, 2025) 
650 0 |a Law  |x Philosophy. 
650 0 |a Law and economics. 
700 1 |a Agurto Gonzáles, Carlos Antonio,  |e editor. 
700 1 |a Quequejana Mamani, Sonia Lidia,  |e editor. 
700 1 |a Choque Cuenca, Benigno,  |e editor. 
700 1 |a Guerra, A.,  |e translator. 
700 1 |i Translation of:  |a Puglia, Ferdinando.  |t Diritto nella vita economica. 
791 2 |a Digitalia (Firm),  |e distributor. 
793 0 |g Digitalia eBook Collection:  |a Ediciones Olejnik 
776 0 8 |i Print version:  |a Puglia, Ferdinando.  |s Diritto nella vita economica. Spanish (Guerra).  |t Derecho en la vida económica.  |b Primera edición en Ediciones Olejnik.  |d Santiago, Chile : Ediciones Olejnik, 2023  |z 9789564074450 
830 0 |a Biblioteca de filosofía del derecho. 
856 4 0 |3 Digitalia Hispánica  |u https://www.digitaliapublishing.com/a/157826/ 
910 |a Premium collection: 2025